[Event "Tourn. n9059"]
[Site "www.chess-mail.com"]
[Date "2016.12.16"]
[Round "1"]
[White "Servant"]
[Black "Olddog55"]
[WhiteElo "1690"]
[BlackElo "1820"]
[Result "0-1"]
[Round "1"]
1.Ng1f3 g6
2.c4 Nb8c6
3.d4 Bf8g7
4.Nb1c3 e6
5.e4 Ng8f6
6.e5 Nf6g4
7.h3 Ng4h6
8.Bf1e2 O-O
9.O-O d6
10.exd6 cxd6
11.Bc1xh6 Bg7xh6
12.a3 g5
13.b4 e5
14.d5 Nc6d4
15.Nf3xd4 exd4
16.Qd1xd4 Bh6g7
 { time }
0-1

[Event "Tourn. n9098"]
[Site "www.chess-mail.com"]
[Date "2016.12.16"]
[Round "1"]
[White "Mitja"]
[Black "Bojan"]
[WhiteElo "1970"]
[BlackElo "2060"]
[Result "0-1"]
[Round "1"]
1.d4 g6
2.e3 Bf8g7
3.c3 d5
4.h3 b6
5.Ng1f3 Bc8b7
6.Bf1e2 a6
7.Nb1a3 Qd8d6
8.b3 b5
9.Bc1b2 Nb8d7
10.O-O c5
11.dxc5 Nd7xc5
12.Na3c2 h6
13.Nf3d4 Ng8f6
14.Qd1e1 e5
15.Nd4f3 Nf6e4
16.Nf3d2 Ne4xd2
17.Qe1xd2 Nc5e4
18.Qd2e1 Bb7c8
19.Ra1d1 Bc8e6
20.Nc2b4 O-O
21.Be2f3 Qd6c5
22.Bf3xe4 dxe4
23.Rd1d2 a5
24.Nb4c2 a4
25.Bb2a3 Qc5xc3
26.Ba3xf8 Bg7xf8
27.Qe1d1 Bf8e7
28.Nc2a1 axb3
29.Na1xb3 Kg7
30.Rd2c2 Qc3b4
31.Qd1b1 Be6c4
32.Rf1d1 Bc4d3
33.Rd1c1 Qb4d6
34.Qb1b2 Bd3xc2
35.Rc1xc2 Qd6d5
36.Rc2d2 Qd5e6
37.Nb3c1 Be7a3
38.Qb2b1 Qe6c4
39.Nc1b3 Ba3b4
40.Rd2d1 Bb4c3
41.Nb3c1 b4
42.Nc1b3 Qc4c6
43.Nb3d2 Ra8d8
44.Nd2b3 Rd8xd1
45.Qb1xd1 Qc6a6
46.Qd1b1 Qa6d3
47.Qb1c1 f5
48.Nb3c5 Qd3d5
49.Nc5b3 Kf6
50.Qc1c2 f4
51.g3 h5
52.exf4 exf4
53.gxf4 Kf5
54.Qc2c1 Qd5d6
55.Kg2 Qd6d3
56.Nb3c5 Qd3f3
57.Kg1 Bc3d4
58.Qc1c2 Qf3g3
59.Kf1 Qg3xh3
60.Ke2 Qh3f3
61.Kf1 h4
62.Nc5b3 Bd4c3
63.Nb3d2 Qf3xf4
64.Nd2b1 Bc3e5
65.Qc2c8 Kg5
66.Qc8d8 Be5f6
67.Qd8d5 Kh6
68.Qd5d2 Bf6e5
69.Qd2xb4 h3
70.Nb1d2 h2
71.Kg2 Qf4g4
72.Kh1 Qg4g1
{ resign }
0-1

[Event "Tourn. n9096"]
[Site "www.chess-mail.com"]
[Date "2016.12.16"]
[Round "1"]
[White "Llcervello"]
[Black "Nulladies"]
[WhiteElo "1650"]
[BlackElo "1830"]
[Result "1-0"]
[Round "1"]
1.e4 c5
2.e5 Nb8c6
3.f4 e6
4.Ng1f3 d6
5.Qd1e2 d5
6.c4 d4
7.d3 Ng8e7
8.g4 b6
9.a3 Bc8b7
10.Rh1g1 g6
11.b3 Bf8g7
12.g5 Nc6a5
13.Nb1d2 Ne7f5
14.Nd2e4 Na5xb3
15.Ra1b1 Nb3xc1
16.Rb1xc1 Nf5e3
17.Ne4d6 Ke7
18.Nd6xb7 Qd8c7
19.Nb7d6 h6
20.Nd6b5 Qc7c6
21.Rg1g3 Kd7
22.h4 a6
23.Nb5d6 Qc6a4
24.Qe2a2 Bg7f8
25.Nd6xf7 Rh8h7
26.Nf7xh6 Qa4a5
27.Kf2 Bf8xh6
28.gxh6 Ne3f5
29.Rg3xg6 Nf5xh4
30.Nf3xh4 Ra8f8
31.Kg3 Rh7f7
32.Bf1h3 Rf7xf4
33.Bh3xe6 Ke7
34.Nh4f5 { resign }
1-0

[Event "Tourn. n9127"]
[Site "www.chess-mail.com"]
[Date "2016.12.16"]
[Round "1"]
[White "Manolinex"]
[Black "Jazzy"]
[WhiteElo "2880"]
[BlackElo "2360"]
[Result "1-0"]
[Round "1"]
1.e4 d5
2.exd5 Qd8xd5
3.Nb1c3 Qd5a5
4.d4 Bc8f5
5.Qd1f3 c6
6.b4 Qa5xb4
7.Ra1b1 Qb4a5
8.Rb1xb7 { resign }
1-0

[Event "Tourn. n9070"]
[Site "www.chess-mail.com"]
[Date "2016.12.16"]
[Round "1"]
[White "Julian"]
[Black "Aalekhine"]
[WhiteElo "1870"]
[BlackElo "1920"]
[Result "1-0"]
[Round "1"]
1.e4 e5
2.Ng1f3 Nb8c6
3.d4 exd4
4.Nf3xd4 Bf8c5
5.Nd4b3 Bc5xf2
6.Kxf2 Qd8h4
7.Kg1 Qh4xe4
8.Qd1e2 Ng8f6
9.Qe2xe4 Nf6xe4
10.Bf1d3 Ne4f6
11.Nb1c3 d6
12.Bc1g5 O-O
13.h3 Bc8e6
14.Kh2 Nf6d5
15.Nc3e4 f6
16.Bg5d2 Nc6e5
17.Ra1e1 Ne5xd3
18.cxd3 Nd5b6
19.g4 Be6d5
20.Rh1f1 Bd5xe4
21.dxe4 { resign }
1-0

[Event "Tourn. n9119"]
[Site "www.chess-mail.com"]
[Date "2016.12.16"]
[Round "1"]
[White "Urbe69"]
[Black "Caspito"]
[WhiteElo "2089"]
[BlackElo "1870"]
[Result "1/2-1/2"]
[Round "1"]
1.d4 Ng8f6
2.Ng1f3 d6
3.c4 g6
4.g3 Bf8g7
5.Bf1g2 c6
6.O-O O-O
7.Nb1c3 Bc8g4
8.Qd1b3 b6
9.e4 Bg4xf3
10.Bg2xf3 Nb8d7
11.Bc1e3 e5
12.d5 c5
13.Nc3b5 Qd8b8
14.Qb3a4 a6
15.Nb5c3 Qb8c7
16.b4 Qc7b7
17.Qa4b3 Ra8a7
{ draw }
1/2-1/2

[Event "Tourn. n9013"]
[Site "www.chess-mail.com"]
[Date "2016.12.16"]
[Round "1"]
[White "Drawlward"]
[Black "Kampungboy"]
[WhiteElo "2490"]
[BlackElo "2540"]
[Result "1/2-1/2"]
[Round "1"]
1.e4 c5
2.Ng1f3 e6
3.d4 cxd4
4.Nf3xd4 Bf8c5
5.Bc1e3 Qd8b6
6.Nd4b5 Bc5xe3
7.fxe3 Qb6xe3
8.Bf1e2 Nb8a6
9.Nb1c3 Ng8h6
10.Nb5d6 Ke7
11.Nd6c4 Qe3c5
12.e5 f6
13.exf6 gxf6
14.Qd1d2 Nh6f7
15.Nc3e4 Qc5f5
16.Qd2d4 e5
17.Qd4e3 Na6b4
18.O-O-O Qf5f4
19.Rh1f1 Qf4xe3
20.Nc4xe3 d5
21.Ne4xf6 d4
22.a3 dxe3
23.axb4 Bc8e6
24.Rd1d3 Ra8f8
25.Rd3xe3 Nf7d6
26.Nf6e4 Rf8xf1
27.Be2xf1 Nd6xe4
28.Re3xe4 Kf6
29.Bf1c4 Rh8d8
30.Bc4xe6 Kxe6
31.c3 Kf5
32.Re4e2 h5
33.Kc2 a6
34.Re2d2 Rd8g8
35.Kd3 h4
36.Rd2f2 Ke6
37.Ke4 Rg8g4
38.Kf3 Rg4f4
39.Ke2 Rf4e4
40.Kf1 Kd5
{ draw }
1/2-1/2

[Event "Tourn. n9009"]
[Site "www.chess-mail.com"]
[Date "2016.12.16"]
[Round "1"]
[White "Huw"]
[Black "Fabos12"]
[WhiteElo "2220"]
[BlackElo "2090"]
[Result "1-0"]
[Round "1"]
1.d4 Ng8f6
2.c4 d6
3.Nb1c3 Bc8f5
4.f3 Nb8d7
5.e4 Bf5g6
6.Bc1e3 e5
7.Ng1e2 Bf8e7
8.Qd1d2 O-O
9.O-O-O Nd7b6
10.Ne2g3 h5
11.Bf1d3 c5
12.d5 Nf6h7
13.Rd1g1 Qd8c8
14.Ng3e2 f5
15.exf5 Bg6xf5
16.Nc3e4 Bf5xe4
17.Bd3xe4 Nh7f6
18.Be4d3 Qc8d7
19.Kb1 Nb6c8
20.Qd2c2 a6
21.Bd3f5 Qd7d8
22.g4 hxg4
23.fxg4 b5
24.Bf5e6 Kh8
25.Rg1g3 Nf6h7
26.Rg3h3 { resign }
1-0

[Event "Tourn. n9027"]
[Site "www.chess-mail.com"]
[Date "2016.12.16"]
[Round "1"]
[White "Panham"]
[Black "Osopanda"]
[WhiteElo "2190"]
[BlackElo "2020"]
[Result "1-0"]
[Round "1"]
1.e4 e5
2.Ng1f3 f5
3.Nf3xe5 Ng8f6
4.Bf1c4 d5
5.exd5 Bf8d6
6.d4 O-O
7.Bc1g5 Nb8d7
8.Bg5f4 Kh8
9.Nb1d2 Nf6e4
10.O-O Nd7xe5
11.dxe5 Bd6c5
12.Nd2xe4 fxe4
13.Qd1d2 Bc8f5
14.Kh1 Qd8h4
15.Bf4e3 Bc5xe3
16.Qd2xe3 Ra8e8
17.e6 c6
18.dxc6 bxc6
19.Ra1d1 Bf5xe6
20.Bc4xe6 Re8xe6
21.Qe3xa7 Re6h6
22.Qa7c7 Kg8
23.Rd1d7 Rh6g6
24.Rd7e7 Qh4g4
25.Qc7g3 Qg4xg3
26.hxg3 Rg6xg3
27.Re7xe4 Rg3g6
28.f3 Rf8d8
29.Rf1e1 Rg6h6
30.Kg1 Rh6d6
31.Re4e8 Kf7
32.Re8xd8 Rd6xd8
33.Kf2 Rd8a8
34.a3 c5
35.Re1e5 Ra8c8
36.Ke3 Kf6
37.Re5e4 g5
38.Kd3 h5
39.g3 Kf5
40.g4 hxg4
41.fxg4 Kf6
42.Kc3 Rc8c6
43.Kc4 Rc6b6
44.b3 Rb6c6
45.Kd5 Rc6c8
46.Re4e6 Kf7
47.Re6c6 Rc8d8
48.Kxc5 Rd8d2
49.Kb4 Rd2d4
50.Rc6c4 { resign }
1-0

[Event "Tourn. n9055"]
[Site "www.chess-mail.com"]
[Date "2016.12.16"]
[Round "1"]
[White "Papaours"]
[Black "Obisporey"]
[WhiteElo "2320"]
[BlackElo "2610"]
[Result "0-1"]
[Round "1"]
1.d4 d5
2.c4 c6
3.Ng1f3 Ng8f6
4.g3 g6
5.Qd1b3 a5
6.cxd5 a4
7.Qb3d1 cxd5
8.Bf1g2 Bf8g7
9.Nb1c3 a3
10.O-O axb2
11.Bc1xb2 Nb8c6
12.Nf3e5 O-O
13.Ne5xc6 bxc6
14.Nc3a4 Nf6e4
15.f3 Ne4d6
16.Na4c5 Nd6c4
17.Bb2c1 e5
18.e3 Qd8a5
19.Rf1f2 Qa5c3
20.Bc1d2 Nc4xd2
{ resign }
0-1

[Event "Tourn. n9000"]
[Site "www.chess-mail.com"]
[Date "2016.12.16"]
[Round "1"]
[White "Jjmcbride"]
[Black "Cersav"]
[WhiteElo "1390"]
[BlackElo "1449"]
[Result "1-0"]
[Round "1"]
1.e4 e5
2.Ng1f3 Nb8c6
3.d4 d5
4.dxe5 dxe4
5.Qd1xd8 Nc6xd8
6.Nf3d4 Ng8h6
7.Bc1xh6 gxh6
8.a3 c5
9.Bf1b5 Bc8d7
10.Bb5xd7 Kxd7
11.Nd4b5 a6
12.Nb5c3 Nd8c6
13.Nc3xe4 Nc6xe5
14.Nb1c3 f5
15.O-O-O Kc7
16.Ne4f6 Kb6
17.Nc3d5 Ka7
18.Rh1e1 Bf8d6
19.f4 Ne5g4
20.h3  { time }
1-0

[Event "Tourn. n9037"]
[Site "www.chess-mail.com"]
[Date "2016.12.16"]
[Round "1"]
[White "Bojan"]
[Black "Julian"]
[WhiteElo "1960"]
[BlackElo "1990"]
[Result "0-1"]
[Round "1"]
1.b4 e5
2.a3 d5
3.e3 Ng8f6
4.Bc1b2 Bf8d6
5.h3 Bc8e6
6.Ng1f3 Nb8d7
7.Nf3g5 O-O
8.Ng5xe6 fxe6
9.c4 b6
10.d3 Qd8e7
11.Nb1d2 e4
12.cxd5 exd5
13.Qd1b3 c6
14.dxe4 Kh8
15.exd5 Nf6xd5
16.Bf1c4 Nd7f6
17.Bc4d3 Ra8e8
18.Nd2c4 Bd6b8
19.O-O-O c5
20.Nc4d2 cxb4
21.axb4 Qe7xb4
22.Qb3xb4 Nd5xb4
23.Bd3b5 Re8c8
24.Kb1 a6
25.Bb5a4 b5
26.Ba4b3 Nb4d3
27.Bb2a3 b4
28.Nd2c4 Nd3xf2
29.Ba3xb4 Rf8e8
30.Bb4d6 Nf2xh1
31.Rd1xh1 Nf6d5
32.Bd6a3 Nd5c3
33.Kb2 Nc3b5
34.Ba3b4 Bb8c7
35.Bb3a4 Bc7g3
36.Rh1d1 Rc8xc4
37.Kb3 Rc4e4
38.Bb4c5 Bg3f2
39.Ba4xb5 axb5
40.Rd1d5 h6
41.Kc3 Bf2xe3
42.Bc5d6 Re4c4
43.Kb3 Be3d4
44.Rd5xb5 Rc4c3
45.Ka2 Re8e2
46.Kb1 Rc3c6
47.g3 Rc6xd6
48.g4 Bd4f6
49.Rb5c5 Rd6d1
{ resign }
0-1

[Event "Tourn. n9073"]
[Site "www.chess-mail.com"]
[Date "2016.12.16"]
[Round "1"]
[White "Madz123456"]
[Black "Jjmcbride"]
[WhiteElo "1420"]
[BlackElo "1500"]
[Result "1-0"]
[Round "1"]
1.e4 e5
2.Ng1f3 d6
3.d4 d5
4.dxe5 Ng8e7
5.Nb1c3 Bc8e6
6.Bc1g5 c6
7.Nf3d4 Qd8d7
8.f4 h6
9.Bg5xe7 Bf8xe7
10.f5 O-O
11.fxe6 fxe6
12.Qd1g4 g5
13.Qg4h5 Kh7
14.exd5 Rf8g8
15.Bf1d3 Kh8
16.Qh5xh6 
1-0

[Event "Tourn. n8987"]
[Site "www.chess-mail.com"]
[Date "2016.12.16"]
[Round "1"]
[White "Sarikayali"]
[Black "Autmich"]
[WhiteElo "1119"]
[BlackElo "999"]
[Result "0-1"]
[Round "1"]
1.d4 Ng8f6
2.c4 e6
3.Nb1c3 Bf8b4
4.e3 d5
5.Ng1f3 c5
6.Bf1e2 Nf6e4
7.Qd1c2 Nb8c6
8.dxc5 Ne4xc3
 { time }
0-1

[Event "Tourn. n9020"]
[Site "www.chess-mail.com"]
[Date "2016.12.16"]
[Round "1"]
[White "Sandokam"]
[Black "Norlavuaram"]
[WhiteElo "2220"]
[BlackElo "2200"]
[Result "1-0"]
[Round "1"]
1.e4 e5
2.Ng1f3 Nb8c6
3.Bf1b5 a6
4.Bb5a4 Ng8f6
5.O-O Bf8e7
6.Rf1e1 b5
7.Ba4b3 O-O
8.a4 Ra8b8
9.h3 d6
10.axb5 axb5
11.c3 Bc8b7
12.d4 exd4
13.cxd4 h6
14.d5 Nc6e5
15.Nf3d4 Bb7a8
16.f4 Ne5d7
17.Bb3c2 Rf8e8
18.b4 Be7f8
19.Nb1c3 Kh8
20.Nc3xb5 Nd7b6
21.Nb5a7 Qd8d7
22.Bc1d2 g6
23.Bc2d3 Bf8g7
24.Bd3b5 Qd7d8
25.Na7c6 Ba8xc6
26.Nd4xc6 Qd8d7
27.Nc6d4 Qd7c8
28.Bb5xe8 Nf6xe8
29.Nd4c6 Rb8a8
30.Ra1xa8 Qc8xa8
31.Qd1b3 Qa8a6
32.b5 Qa6a8
33.e5 dxe5
34.fxe5 Qa8c8
35.Re1f1 Qc8d7
36.d6 cxd6
37.Rf1xf7 Qd7c8
38.Qb3b1 Kh7
39.Bd2xh6 Qc8e6
40.Rf7e7 Qe6c4
41.Bh6xg7 Ne8xg7
42.exd6 Qc4c5
43.Kh1 { resign }
1-0

[Event "Match"]
[Site "www.echecsemail.com"]
[Date "2016.12.16"]
[Round "1"]
[White "Fbeley"]
[Black "Coraza8091"]
[WhiteElo "1990"]
[BlackElo "1500"]
[Result "1-0"]
[Round "1"]
1.e4 e5
2.Ng1f3 Nb8c6
3.Bf1c4 h6
4.c3 Ng8f6
5.O-O Nf6xe4
6.Rf1e1 Bf8c5
7.d4 d5
8.dxc5 dxc4
9.Qd1xd8 Kxd8
10.Re1xe4 Bc8f5
11.Re4e1 e4
12.Nf3d4 Nc6xd4
13.cxd4 Rh8e8
14.Nb1c3 c6
15.Bc1f4 g5
16.Bf4d6 Re8e6
17.Re1e3 Bf5g6
18.Ra1e1 b6
19.f3 f5
20.fxe4 f4
21.Re3e2 Kd7
22.e5 Bg6d3
23.Re2f2 h5
24.h4 gxh4
25.Rf2xf4 h3
26.Rf4f7 Ke8
27.Rf7f8 Kd7
28.Rf8xa8 a5
29.Nc3e4 Re6g6
30.e6 Rg6xe6
31.Ne4f6 { resign }
1-0

[Event "Match"]
[Site "www.echecsemail.com"]
[Date "2016.12.16"]
[Round "1"]
[White "Ditto"]
[Black "Pare123"]
[WhiteElo "1790"]
[BlackElo "2050"]
[Result "0-1"]
[Round "1"]
1.d4 d5
2.Ng1f3 Ng8f6
3.Bc1g5 Nf6e4
4.Bg5f4 Nb8c6
5.e3 Bc8g4
6.Bf1e2 Qd8d7
7.Nb1d2 f5
8.h3 Bg4h5
9.Be2b5 a6
10.Bb5d3 h6
11.O-O g5
12.Bf4h2 O-O-O
13.a3 g4
14.Nf3e5 Qd7e8
15.Bh2f4 gxh3
16.f3 hxg2
17.Rf1e1 Rh8g8
18.Re1e2 Nc6xe5
19.Bf4xe5 Qe8g6
20.Qd1e1 Ne4xd2
21.Qe1xd2 Bh5xf3
22.Re2f2 Qg6h5
23.Rf2xf3 Qh5h1
24.Kf2 g1Q
25.Ra1xg1 Qh1xg1
26.Ke2 Rg8g2
{ resign }
0-1

[Event "Match"]
[Site "www.echecsemail.com"]
[Date "2016.12.16"]
[Round "1"]
[White "Wwgia"]
[Black "Raulazo"]
[WhiteElo "1990"]
[BlackElo "1940"]
[Result "0-1"]
[Round "1"]
1.d4 e6
2.c4 Qd8e7
3.Nb1c3 Ng8f6
4.e4 Qe7b4
5.a3 Qb4a5
6.Bc1d2 Qa5b6
7.b4 Qb6xd4
8.Ng1f3 Qd4b6
9.c5 Qb6c6
10.Bf1b5 Bf8xc5
11.Bb5xc6 Nf6g4
12.bxc5 Nb8xc6
13.O-O O-O
14.h3 Ng4f6
15.Rf1e1 e5
16.Nc3d5 Nf6xd5
17.exd5 Nc6e7
18.Nf3xe5 d6
19.cxd6 cxd6
20.Ne5c4 Ne7xd5
21.Nc4xd6 b6
22.Qd1f3 Bc8e6
23.Ra1c1 Ra8d8
24.Nd6f5 Be6xf5
25.Qf3xf5 g6
26.Qf5c2 Rd8c8
27.Qc2xc8 Rf8xc8
28.Rc1xc8 Kg7
29.Re1e5 Nd5f6
30.Re5e7 Nf6d5
31.Re7xa7 Nd5f6
32.Bd2c3 { time. }
0-1

[Event "Match"]
[Site "www.echecsemail.com"]
[Date "2016.12.16"]
[Round "1"]
[White "Caspito"]
[Black "Coraza8091"]
[WhiteElo "1860"]
[BlackElo "1490"]
[Result "1-0"]
[Round "1"]
1.e4 e5
2.Ng1f3 Nb8c6
3.Bf1b5 Nc6d4
4.Nf3xd4 exd4
5.O-O Ng8f6
6.Qd1f3 Bf8e7
7.d3 c6
8.Bb5c4 b5
9.Bc4xf7 Kxf7
10.e5 Ke8
11.exf6 gxf6
12.Qf3h5 Kf8
13.Bc1h6 Kg8
14.Qh5g4 Kf7
15.Qg4g7 Ke6
16.Rf1e1 Kd6
17.Bh6f4 Kc5
18.Qg7xe7 Kb6
19.Qe7b4 a5
20.Qb4xd4 Kb7
21.Qd4d6 Rh8e8
22.Re1xe8 Qd8xe8
23.Nb1d2 Ka6
24.c4 Bc8b7
25.cxb5 Kxb5
26.a4 Ka6
27.b4 Qe8h8
28.b5 Ka7
29.Bf4e3 { resign }
1-0

[Event "Match"]
[Site "www.echecsemail.com"]
[Date "2016.12.16"]
[Round "1"]
[White "Genius3"]
[Black "Ditto"]
[WhiteElo "1650"]
[BlackElo "1780"]
[Result "1-0"]
[Round "1"]
1.e4 e5
2.Bf1c4 Nb8c6
3.d3 Bf8c5
4.Ng1f3 d6
5.O-O Bc8g4
6.Bc1e3 Bc5xe3
7.fxe3 Ng8f6
8.h3 Bg4d7
9.Nb1d2 O-O
10.Qd1e2 Nc6b4
11.Ra1c1 Bd7a4
12.Bc4b3 Ba4d7
13.a3 Nb4c6
14.Bb3d5 Ra8b8
15.Bd5b3 Nc6e7
16.d4 a6
17.dxe5 dxe5
18.Nf3xe5 Bd7b5
19.c4 Bb5e8
20.Rf1xf6 gxf6
21.Ne5g4 Ne7g6
22.Nd2f3 Be8c6
23.Rc1d1 Qd8e7
24.Rd1f1 b5
25.Nf3d4 Bc6d7
26.Ng4xf6 Kg7
27.Nf6xd7 Qe7xd7
28.cxb5 axb5
29.Nd4f5 Kh8
30.Rf1d1 Qd7c6
31.Bb3d5 Qc6b6
32.Qe2h5 Qb6f6
33.Rd1f1 Qf6xb2
34.Qh5h6 Rb8c8
35.Rf1f2 Qb2c3
36.Kh2 Qc3xa3
37.Qh6g7 { resign }
1-0

[Event "Match"]
[Site "www.echecsemail.com"]
[Date "2016.12.16"]
[Round "1"]
[White "Jobeye"]
[Black "Calponas"]
[WhiteElo "1809"]
[BlackElo "2000"]
[Result "1-0"]
[Round "1"]
1.c4 e5
2.g3 g6
3.Bf1g2 Bf8g7
4.Qd1b3 Nb8c6
5.Nb1c3 Ng8e7
6.e3 O-O
7.Ng1e2 d6
8.Nc3d5 Kh8
9.d3 f5
10.e4 Nc6d4
11.Ne2xd4 exd4
12.Bc1g5 Rf8f7
13.Nd5xe7 Rf7xe7
14.Bg5xe7 Qd8xe7
15.O-O-O Ra8b8
16.Rh1e1 Qe7f7
17.exf5 Bc8xf5
18.Bg2d5 Qf7d7
19.Bd5xb7 c5
20.Bb7c6 Rb8xb3
21.Bc6xd7 Rb3xd3
22.Re1e8 Bg7f8
23.Re8xf8 Kg7
24.Rf8xf5 { resign }
1-0

[Event "Match"]
[Site "www.echecsemail.com"]
[Date "2016.12.16"]
[Round "1"]
[White "Azorau"]
[Black "Wwgia"]
[WhiteElo "1870"]
[BlackElo "1990"]
[Result "1-0"]
[Round "1"]
1.Ng1f3 Ng8f6
2.Nb1c3 g6
3.e4 d5
4.d4 dxe4
5.Nf3e5 Bf8g7
6.Ne5xf7 Kxf7
7.Bf1c4 e6
8.Bc1g5 Nb8c6
9.d5 Nc6e5
10.Qd1e2 Ne5xc4
11.Qe2xc4 exd5
12.Nc3xd5 Qd8xd5
13.Qc4xc7 Qd5d7
14.Qc7c4 Kf8
15.Bg5xf6 Bg7xf6
16.Qc4b4 Kg7
17.O-O Rh8f8
18.c3 a5
19.Qb4xe4 Ra8a6
20.Ra1d1 Ra6e6
21.Rd1xd7 Bc8xd7
22.Qe4xb7 Rf8f7
23.Qb7d5 a4
24.Rf1c1 Rf7e7
25.h3 Bd7c6
26.Qd5c4 Bf6g5
27.Qc4d4 Kf7
28.Rc1f1 Bc6b5
29.c4 Bb5c6
30.h4 Bg5f6
31.Qd4d2 Re6e2
32.Qd2h6 Kg8
{ time. }
1-0

[Event "1/32 Finale"]
[Site "www.chess-mail.com"]
[Date "2016.12.16"]
[Round "1"]
[White "Vega"]
[Black "Hennie4820"]
[WhiteElo "2580"]
[BlackElo "2030"]
[Result "1-0"]
[Round "1"]
1.d4 Ng8f6
2.c4 e6
3.Ng1f3 b6
4.Nb1c3 Bf8b4
5.Bc1d2 O-O
6.e3 Bc8b7
7.Bf1d3 c5
8.a3 Bb4xc3
9.Bd2xc3 d6
10.dxc5 dxc5
11.Qd1c2 h6
12.Ra1d1 Nb8d7
13.e4 Qd8c7
14.e5 Nf6g4
15.Bd3h7 Kh8
16.Bh7e4 Ra8d8
17.Be4xb7 Qc7xb7
18.O-O h5
19.Nf3g5 Ng4h6
20.Qc2h7 { resign }
1-0

[Event "Tourn. n9045"]
[Site "www.chess-mail.com"]
[Date "2016.12.17"]
[Round "1"]
[White "Woadman62"]
[Black "Ericleo1980"]
[WhiteElo "2610"]
[BlackElo "2240"]
[Result "1-0"]
[Round "1"]
1.Ng1f3 d5
2.g3 Ng8f6
3.Bf1g2 Bc8f5
4.O-O Qd8c8
5.c4 c6
6.cxd5 cxd5
7.Nb1c3 a6
8.d3 Bf5h3
9.Bg2xh3 Qc8xh3
10.Qd1b3 Qh3c8
11.Bc1f4 e6
12.Ra1c1 Nb8c6
13.Nc3a4 Nf6d7
14.e4 dxe4
15.dxe4 Bf8e7
16.Nf3e5 Be7d8
17.Ne5xd7 Qc8xd7
18.Na4c5 Qd7c8
19.Nc5xb7 O-O
20.Nb7xd8 Rf8xd8
21.Qb3a4 e5
22.Rc1xc6 { resign }
1-0

[Event "Tourn. n9039"]
[Site "www.chess-mail.com"]
[Date "2016.12.17"]
[Round "1"]
[White "Conde7"]
[Black "Ejner"]
[WhiteElo "2890"]
[BlackElo "2460"]
[Result "1-0"]
[Round "1"]
1.e4 e6
2.d4 d5
3.e5 c5
4.c3 Nb8c6
5.Ng1f3 Qd8b6
6.a3 c4
7.Nb1d2 Nc6a5
8.Ra1b1 Bc8d7
9.Bf1e2 Ng8e7
10.O-O Ne7g6
11.g3 f6
12.b3 cxb3
13.exf6 gxf6
14.Nd2xb3 Bd7a4
15.Nf3d2 Ra8c8
16.Qd1e1 Na5xb3
17.Nd2xb3 Bf8g7
18.Be2d3 Ba4xb3
19.Rb1xb3 Qb6xb3
20.Qe1xe6 Kd8
21.Qe6d6 Ke8
22.Bd3xg6 hxg6
23.Rf1e1 Kf7
24.Qd6e6 { resign }
1-0

[Event "Tourn. n9059"]
[Site "www.chess-mail.com"]
[Date "2016.12.17"]
[Round "1"]
[White "Cernunnoss"]
[Black "Servant"]
[WhiteElo "1700"]
[BlackElo "1690"]
[Result "1-0"]
[Round "1"]
1.e4 b6
2.d4 Bc8b7
3.Nb1c3 e6
4.Ng1f3 Bf8e7
5.Bf1d3 d5
6.exd5 exd5
7.O-O Ng8f6
8.Bc1g5 Nb8d7
9.Qd1e2 O-O
10.Ra1e1 Rf8e8
11.Qe2d2  { time }
1-0

[Event "Tourn. n9068"]
[Site "www.chess-mail.com"]
[Date "2016.12.17"]
[Round "1"]
[White "Caspito"]
[Black "Falcoale"]
[WhiteElo "1850"]
[BlackElo "1850"]
[Result "1-0"]
[Round "1"]
1.e4 c5
2.b3 e6
3.Bc1b2 Nb8c6
4.Ng1f3 d5
5.e5 Ng8e7
6.Bf1b5 a6
7.Bb5xc6 Ne7xc6
8.O-O Bf8e7
9.d4 O-O
10.c4 b6
11.Nb1d2 Bc8b7
12.a3 dxc4
13.bxc4 cxd4
14.Nd2e4 f5
15.Ne4g3 Qd8c7
16.Rf1e1 Nc6a5
17.Ra1c1 Rf8d8
18.Nf3xd4 Na5c6
19.Nd4xe6 Qc7d7
20.Ne6xd8 Ra8xd8
21.Qd1xd7 Rd8xd7
22.Ng3xf5 Be7g5
23.Rc1c2 Rd7f7
24.Nf5d6 Rf7e7
25.e6 Bb7a8
26.g3 Nc6d8
27.Rc2e2 Ba8f3
28.Re2e5 Bg5f6
29.Re5f5 Bf6xb2
30.Rf5xf3 Bb2xa3
31.Rf3xa3 a5
32.Ra3b3 { resign }
1-0

[Event "Tourn. n9053"]
[Site "www.chess-mail.com"]
[Date "2016.12.17"]
[Round "1"]
[White "Falcoale"]
[Black "Servant"]
[WhiteElo "1880"]
[BlackElo "1690"]
[Result "1-0"]
[Round "1"]
1.e4 c5
2.Ng1f3 Nb8c6
3.b3 d6
4.Bc1b2 Ng8f6
5.Nb1c3 e6
6.d4 cxd4
7.Nf3xd4 Bf8e7
8.Bf1e2 O-O
9.O-O Bc8d7
10.f4 Ra8c8
11.Nd4f3 a6
12.a3 b5
13.Be2d3  { time }
1-0

[Event "Tourn. n9118"]
[Site "www.chess-mail.com"]
[Date "2016.12.17"]
[Round "1"]
[White "Jobeye"]
[Black "Jazzy"]
[WhiteElo "2439"]
[BlackElo "2360"]
[Result "0-1"]
[Round "1"]
1.f4 Ng8f6
2.c4 e6
3.e3 b6
4.Qd1f3 d5
5.cxd5 Qd8xd5
6.Bf1b5 c6
7.Qf3xd5 exd5
8.Bb5a4 Bf8d6
9.Ng1e2 O-O
10.d3 Bc8b7
11.O-O c5
12.Ba4c2 Nb8a6
13.a3 Na6c7
14.Nb1c3 b5
15.b4 cxb4
16.axb4 Bd6xb4
17.Ra1b1 Bb4xc3
18.Ne2xc3 a6
19.Nc3e2 Rf8c8
20.Ne2d4 Nc7e6
21.Nd4xe6 fxe6
22.Bc2b3 Rc8c3
23.Rf1d1 Nf6d7
24.e4 Nd7c5
25.Bb3a2 Rc3xd3
26.Rd1xd3 Nc5xd3
27.f5 Kf7
28.fxe6 Kxe6
29.Bc1a3 Ke5
30.exd5 Bb7xd5
31.Ba2xd5 Kxd5
32.Rb1d1 Kc4
33.Kf1 Ra8a7
34.Ke2 Ra7d7
35.Ba3f8 Nd3f4
36.Ke1 Nf4xg2
37.Ke2 Rd7xd1
38.Kxd1 Ng2e3
39.Kd2 Ne3f5
40.Kc2 b4
41.Kb2 a5
{ resign }
0-1

[Event "Tourn. n9061"]
[Site "www.chess-mail.com"]
[Date "2016.12.17"]
[Round "1"]
[White "Cal"]
[Black "Azulmarino"]
[WhiteElo "1570"]
[BlackElo "1580"]
[Result "0-1"]
[Round "1"]
1.c4 c5
2.e4 e5
3.Nb1c3 a6
4.d3 Ng8f6
5.a4 Nb8c6
6.h3 d6
7.Ng1f3 h6
8.Bf1e2 Bc8e6
9.O-O Be6xh3
10.Nf3h4 Bh3e6
11.f3 Nc6d4
12.Bc1e3 g5
13.Nh4f5 Be6xf5
14.exf5 Nd4xf5
15.Be3f2 Nf6h5
16.Nc3d5 Nh5f4
17.Nd5xf4 gxf4
18.b4 cxb4
19.Qd1b3 Rh8g8
20.Qb3xb4 Qd8g5
21.g4 d5
22.Qb4xb7 Qg5d8
23.Kh2 Nf5d6
24.Rf1h1 Nd6xb7
25.cxd5 Qd8xd5
26.Kg2 Rg8xg4
27.Kf1 Rg4g8
28.Bf2b6 Bf8g7
29.Ra1c1 Nb7d6
30.Kf2 f6
31.Rc1c5 Qd5d4
32.Kg2 Bg7f8
33.Kh3 Qd4xa4
34.Bb6c7 Nd6f5
35.Rc5c4 Qa4d7
36.Kh2 Nf5e3
37.Bc7a5 Rg8g3
38.Ba5b6 Qd7h3
{ resign }
0-1

[Event "Tourn. n9131"]
[Site "www.chess-mail.com"]
[Date "2016.12.17"]
[Round "1"]
[White "Norlavuaram"]
[Black "Jobeye"]
[WhiteElo "2240"]
[BlackElo "2280"]
[Result "0-1"]
[Round "1"]
1.e4 c5
2.Ng1f3 e6
3.d4 Nb8c6
4.c4 d5
5.exd5 exd5
6.cxd5 Qd8xd5
7.Nb1c3 Qd5e6
8.Bf1e2 cxd4
9.Nf3xd4 Nc6xd4
10.Bc1e3 Nd4xe2
11.Kxe2 Qe6c4
12.Qd1d3 Qc4g4
13.Kf1 Ng8f6
14.Qd3b5 Nf6d7
15.Ra1e1 Kd8
16.h3 Qg4g6
17.g3 Bf8d6
18.Kg2 b6
19.Qb5d5 Ra8b8
20.Nc3b5 Bc8b7
{ resign }
0-1

[Event "Tourn. n9034"]
[Site "www.chess-mail.com"]
[Date "2016.12.17"]
[Round "1"]
[White "Prize640"]
[Black "Osopanda"]
[WhiteElo "2219"]
[BlackElo "2050"]
[Result "1-0"]
[Round "1"]
1.e4 c5
2.Ng1f3 d6
3.d4 cxd4
4.Nf3xd4 Ng8f6
5.f3 a6
6.c4 e6
7.Nb1c3 Bf8e7
8.Bc1e3 O-O
9.Qd1d2 Nb8d7
10.b3 Qd8c7
11.Ra1c1 b6
12.Bf1e2 Bc8b7
13.O-O Ra8c8
14.Rf1d1 Rf8d8
15.Qd2e1 Nd7e5
16.Qe1f2 Ne5d7
17.Nd4c2 Bb7c6
18.Nc2b4 Bc6b7
19.Nb4c2 Qc7b8
20.Kh1 b5
21.Be3a7 Qb8a8
22.Ba7d4 d5
23.exd5 bxc4
24.dxe6 fxe6
25.Be2xc4 Bb7d5
26.Nc2e3 Bd5xc4
27.Ne3xc4 e5
28.Nc4xe5 Nd7xe5
29.Bd4xe5 Rd8xd1
30.Rc1xd1 a5
31.h3 Be7c5
32.Qf2h4 Bc5e7
33.Qh4a4 Be7b4
34.Be5xf6 gxf6
35.Nc3d5 Bb4d6
36.Nd5xf6 Kg7
37.Qa4g4 Kxf6
38.Rd1xd6 { resign }
1-0

[Event "Tourn. n9082"]
[Site "www.chess-mail.com"]
[Date "2016.12.17"]
[Round "1"]
[White "Madz123456"]
[Black "Lachouette"]
[WhiteElo "1450"]
[BlackElo "1579"]
[Result "1-0"]
[Round "1"]
1.c4 e5
2.Nb1c3 Bf8b4
3.Qd1b3 Bb4xc3
4.Qb3xc3 d6
5.b4 Nb8d7
6.Ng1f3 Nd7f6
7.d3 Bc8g4
8.d4 e4
9.h3 Bg4xf3
10.exf3 exf3
11.Qc3xf3 Qd8e7
12.Bf1e2 O-O-O
13.O-O Rd8e8
14.Be2d3 Nf6d7
15.Bc1f4 Ng8f6
16.c5 dxc5
17.bxc5 h6
18.Ra1b1 c6
19.Bd3a6 Nd7b8
20.Ba6xb7 Qe7xb7
21.Rb1xb7 Kxb7
22.Rf1b1 Ka8
23.Qf3b3 Nf6d7
24.Qb3b7 { resign }
1-0

[Event "Tourn. n9117"]
[Site "www.chess-mail.com"]
[Date "2016.12.17"]
[Round "1"]
[White "Norlavuaram"]
[Black "Bojan"]
[WhiteElo "2180"]
[BlackElo "2010"]
[Result "1-0"]
[Round "1"]
1.e4 e5
2.Ng1f3 Nb8c6
3.Bf1b5 Qd8f6
4.d3 h6
5.O-O Nc6d4
6.Nf3xd4 exd4
7.f4 a6
8.Bb5a4 b5
9.Ba4b3 Bc8b7
10.Nb1d2 c5
11.Nd2f3 Qf6g6
12.Nf3e5 Qg6h7
13.Bb3xf7 Ke7
14.Bf7g6 { resign }
1-0

[Event "Tourn. n9135"]
[Site "www.chess-mail.com"]
[Date "2016.12.17"]
[Round "1"]
[White "Bojan"]
[Black "Jobeye"]
[WhiteElo "2030"]
[BlackElo "2010"]
[Result "0-1"]
[Round "1"]
1.e4 d5
2.exd5 e6
3.dxe6 fxe6
4.d4 a6
5.Ng1f3 Nb8c6
6.c3 e5
7.Bc1e3 e4
8.Nf3g5 Bc8f5
9.Nb1d2 Ng8f6
10.Qd1b3 Nf6d5
11.Qb3xb7 Nc6a5
12.Qb7xa8 Qd8xa8
13.Ng5xe4 Bf5xe4
14.Nd2xe4 Nd5xe3
15.Ne4f6 gxf6
16.fxe3 Bf8h6
17.Kd2 Qa8e4
18.Ra1e1 O-O
19.Rh1g1 Rf8e8
20.Rg1h1 Bh6xe3
21.Kd1 Qe4b1
{ resign }
0-1